000 00878nam a2200229 a 4500
001 BRCA_8372
005 20190320210243.0
008 120814s2013----mx-a######---#000-0#spa-#
041 _aspa
044 _amx
050 4 _aNK4031
_b.Y36 2013
100 1 _aYanes Rizo, Emma
_920979
245 1 0 _aLa loza estannífera de Puebla, de la comunidad original de loceros a la formación del gremio (1550-1653).
260 _aCiudad de México
_c2013
300 _a515 p.
_bil. (algunas a color)
_c28 cm.
_e2 CDs
502 _aTesis Doctorado (Doctora en Historia del Arte) UNAM, Posgrado en Historia del Arte, Facultad de Filosofía y Letras, Instituto de Investigaciones Estéticas
650 1 4 _aCerámica
_ySiglo XVI-XVII
_zPuebla, México
_920980
650 1 4 _aCerámica mexicana
_920981
700 1 _aGalí Boadella, Montserrat
_eTutor
_920982
902 _aTES
942 _2lcc
_cTES
999 _c8040
_d8040